000 00398nam a2200145Ia 4500
008 230917s9999||||xx |||||||||||||| ||und||
040 _e102413
_aMAIN
041 _aEnglish
082 _a005.1 G564G
100 _aGoldberg, David E
245 0 _aGenetic algorithms in search, optimization and machine learning
260 _aNew Delhi
_bPearson Education
_c2004
300 _a412 p.
942 _cBK
999 _c119490
_d119490